| 000 | 00412cam a22001337a 4500 | ||
|---|---|---|---|
| 008 | 180718b1959 xxu||||| |||| 00| 0 eng d | ||
| 082 | _aC41x68 M738 | ||
| 100 | _aMolten, Donald B. | ||
| 245 |
_aThe assault on our liberties _cby Donald B. Molten |
||
| 260 |
_aJohannesburg _bSouth African Institute of Race Relations _c1959 |
||
| 300 | _a26p. | ||
| 500 | _a2/6 | ||
| 650 | _aCivil Liberties - Union of South Africa | ||
| 999 |
_c374275 _d374275 |
||